000 00570nam a2200193 a 4500
001 303
003 CO-ViMGA
008 141112s2004 ck r 000 u spa d
040 _aCO-ViMGA
_bspa
_cCO-ViMGA
082 0 4 _a617.634 L365
100 1 _aLeonardo, Mario Roberto
_948048
245 1 0 _aEndodoncia :
_btratamiento de los conductos radiculares /
_cLeonardo Mario Roberto , Leal Jayme Mauricio
250 _a2a
260 _aBuenos Aires :
_bMedica PanAméricana,
_c1994
300 _a641 p : il
650 1 4 _aENDODONCIA
650 1 4 _aODONTOLOGIA
942 _2ddc
_cBK
999 _c12548
_d12548